000 00465nam a2200193Ia 4500
005 20231111112105.0
008 131103s9999 xx 000 0 und d
020 _a1845730836
040 _aLoreto College
041 _aEnglish
082 _a736.98
_bORI
245 4 _aThe complete guide to origami & papercraft
260 _aLondon
_bQuantum
_c2006
300 _a448p.
_b pic.
504 _aIncludes index
650 _aArt
850 _aLCLIB
942 _cBK
999 _c35945
_d86424